Largest Landlocked Countries by Area - Statistics

General Stats
  • This quiz has been taken 49 times
  • The average score is 8 of 10
Answer Stats
Area in Sq. Km Country % Correct
2,724,900 Kazakhstan
96%
1,098,581 Bolivia
93%
1,284,000 Chad
93%
1,566,500 Mongolia
91%
1,267,000 Niger
89%
1,240,192 Mali
87%
622,894 Central African Republic
73%
752,612 Zambia
69%
1,104,300 Ethiopia
60%
652,230 Afghanistan
58%
No matching quizzes found
Score Distribution
Percent of People with Each Score
Percentile by Number Answered
Your Score History
You have not taken this quiz